Unified Building Bye Laws For Delhi 2016 Delhi Building Bye LAws 2016/ (Record no. 210545)

MARC details
000 -LEADER
fixed length control field 00678nam a22002057a 4500
005 - DATE AND TIME OF LATEST TRANSACTION
control field 20250327142347.0
010 ## - LCCN (DPL NO)
LC control number ENG-144297
020 ## - INTERNATIONAL STANDARD BOOK NUMBER
International Standard Book Number 9788176393973
Terms of availability 590.00
035 ## - SYSTEM CONTROL NUMBER
System control number EN-127829
037 ## - SOURCE OF ACQUISITION
Source of stock number/acquisition DBAD
082 ## - DEWEY DECIMAL CLASSIFICATION NUMBER
Classification number 612
Edition number 1
100 ## - MAIN ENTRY--PERSONAL NAME
Personal name Kumar Jain, Akalank
245 ## - TITLE STATEMENT
Title Unified Building Bye Laws For Delhi 2016 Delhi Building Bye LAws 2016/
Statement of responsibility, etc Akalank Kumar Jain [and] assisted by Vidhi Jain
250 ## - EDITION STATEMENT
Edition statement 1
260 ## - PUBLICATION, DISTRIBUTION, ETC. (IMPRINT)
Place of publication, distribution, etc Delhi
Name of publisher, distributor, etc Akalank Publications
Date of publication, distribution, etc 2022
270 ## - ADDRESS
Address 3622, Mori Gate
City Delhi
Postal code 110006
Electronic mail address info@akalank.in
-- akalankjain@gmail.com
300 ## - PHYSICAL DESCRIPTION
Extent 244p.
Dimensions 28cm(pb)
700 ## - ADDED ENTRY--PERSONAL NAME
9 (RLIN) 79478
Personal name Vidhi Jain
942 ## - ADDED ENTRY ELEMENTS (KOHA)
Source of classification or shelving scheme Dewey Decimal Classification
Item type English Books
Call number suffix JAI
Classification part 612
Holdings
Withdrawn status Lost status Not for loan Collection code Home library Current library Date acquired Source of acquisition Cost, normal purchase price Full call number Barcode Copy number Cost, replacement price Koha item type
    Not For Loan Non-fiction D.B.Act.Division D.B.Act.Division 27/03/2025 DBAD 590.00 JAI 612 EN-127829 1 590.00 English Books

© Delhi Public Library
Hit Counter
free hit counter